HISTOIRE GRECQUE (Guerres Médiques, Péloponnèse, Philippe II, Alexandr - Statistiques

Statistiques générales
  • Ce quiz a été pris 60 fois
  • Le résultat moyen est 8 sur 16
Statistiques - réponses
Hint Réponse % Correct
Quelle ligue maritime dominée par Athènes devient progressivement un instrument impérialiste ? Ligue de Délos
88%
Dans quelle plaine se déroule la bataille qui oppose Athènes aux Perses en 490 av. J.-C. ? Marathon
77%
Quelle bataille navale de 480 av. J.-C. se déroule dans un détroit étroit et donne la victoire aux Grecs ? Salamine
67%
Quel historien grec analyse la guerre du Péloponnèse avec une méthode critique ? Thucydide
67%
Quel roi macédonien crée la phalange réformée et transforme la Macédoine en grande puissance ? Philippe II
63%
Quel défilé montagneux est défendu par Léonidas en 480 av. J.-C. ? Thermopyles
63%
Comment s’appelle le navire de guerre athénien équipé d’un éperon en bronze ? Trière
54%
Quel stratège athénien convainc sa cité d’utiliser l’argent du Laurion pour construire une flotte ? Thémistocle
52%
Quel temple dorique octostyle abrite la statue chryséléphantine d’Athéna ? Parthénon
46%
Quelle tragédie d’Eschyle raconte la défaite de Xerxès du point de vue perse ? Les perses
42%
Quelle ligue fondée par Philippe II rassemble les cités grecques (sauf Sparte) ? Ligue de Corinthe
40%
Comment appelle-t-on les successeurs d’Alexandre qui se partagent son empire ? Diadoques
38%
Quel sculpteur supervise le programme artistique de Périclès, notamment sur l’Acropole ? Phidias
29%
Quelle révolte de 499 av. J.-C. déclenche l’attention de Darius sur la Grèce ? Révolte ionienne
29%
Quelle île neutre Athènes massacre en 416 av. J.-C., illustrant sa brutalité impérialiste ? Mélos
19%
Quel général perse affronte Alexandre au fleuve Hydaspe (ou Hyphase), avec des éléphants ? Poros
12%
Aucun quiz correspondant
Distribution des résultats
% des personnes avec chaque résultat
Percentile par nombre de réponses
Votre historique - résultats
Vous n’avez pas pris ce quiz